skbl

Dr Suryya Kumar Bhuyan Library Web-OPAC
ডঃ সূৰ্য্য
কুমাৰ ভূঞা পুথিভঁৰাল ৱেব-অ'পেক

All Research Scholars are advised to clear the annual library fees to continue using Library Resources, Remote Access, Plagiarism Test and Library Clearance.

Cotton University Book Fair 2026

The Calcutta University Calender 1859-60 / (Record no. 53214)

MARC details
000 -LEADER
fixed length control field 00672nam a2200253Ia 4500
001 - CONTROL NUMBER
control field 53251
005 - DATE AND TIME OF LATEST TRANSACTION
control field 20240114005338.0
007 - PHYSICAL DESCRIPTION FIXED FIELD--GENERAL INFORMATION
fixed length control field ta
008 - FIXED-LENGTH DATA ELEMENTS--GENERAL INFORMATION
fixed length control field 110111s1859 g b000 u 465 u
040 ## - CATALOGING SOURCE
Original cataloging agency Cotton College,Assam
041 ## - LANGUAGE CODE
Language code of text/sound track or separate title 465
082 ## - DEWEY DECIMAL CLASSIFICATION NUMBER
Classification number 050
Item number Cal
100 ## - MAIN ENTRY--PERSONAL NAME
Personal name , .
110 ## - MAIN ENTRY--CORPORATE NAME
Corporate name or jurisdiction name as entry element Calcutta, College .
245 #0 - TITLE STATEMENT
Title The Calcutta University Calender 1859-60 /
Medium Textual Documents
250 ## - EDITION STATEMENT
Edition statement ist /
260 ## - PUBLICATION, DISTRIBUTION, ETC.
Place of publication, distribution, etc. Calcutta :
Name of publisher, distributor, etc. Calcutta, College Press ,
Date of publication, distribution, etc. 1859.
300 ## - PHYSICAL DESCRIPTION
Extent 191pg ;
Dimensions 18cm.
653 ## - INDEX TERM--UNCONTROLLED
Uncontrolled term Calcutta University Calender 1859-60
653 ## - INDEX TERM--UNCONTROLLED
Uncontrolled term Ref Section-Rare
942 ## - ADDED ENTRY ELEMENTS (KOHA)
Source of classification or shelving scheme Dewey Decimal Classification
Koha item type Books
Holdings
Withdrawn status Lost status Damaged status Not for loan Collection Home library Current library Date acquired Coded location qualifier Total checkouts Full call number Barcode Date last seen Copy number Price effective from Koha item type
      Not for loan   Dr. Suryya Kumar Bhuyan Library Dr. Suryya Kumar Bhuyan Library 01/02/2012 00000   050 Cal 5031/new 14/01/2024 1 01/02/2012 Books

Designed and Maintained by Team SKBL
©1901-2026

Powered by Koha